00447 a2200169 450000100060000002000150000604000220002110000200004324000220006324500170008530000070010236200090010965000230011894200070014195201120014899900170026056731 a8532248780 cAnchieta - Pituba aKupstas, Marcia10aSangue velozlpor10aSangue veloz a560 a2002 4aLiteratura juvenil cBK 00104070a91.1b91.1d2023-11-21l0oLJ 028.5 K96s KUP SANp6338/PITr2023-11-21 18:24:14w2023-11-21yBK c56731d56731